The Dead Sea Scrolls - Revised Edition : (Record no. 606883)

MARC details
000 -LEADER
fixed length control field 00509nam a2200193 a 4500
008 - FIXED-LENGTH DATA ELEMENTS--GENERAL INFORMATION
fixed length control field 260103s2005##################000#0#eng##
020 ## - INTERNATIONAL STANDARD BOOK NUMBER
ISBN 9780060766627
082 04 - DEWEY DECIMAL CLASSIFICATION NUMBER
Classification number 296.155
Item number WIS
100 1# - MAIN ENTRY--AUTHOR NAME
Personal name Wise, Michael O.,
245 10 - TITLE STATEMENT
Title The Dead Sea Scrolls - Revised Edition :
260 ## - PUBLICATION, DISTRIBUTION, ETC. (IMPRINT)
Name of publisher Harper Collins,
Year of publication 2005.
300 ## - PHYSICAL DESCRIPTION
Number of Pages 690 pages
650 #0 - SUBJECT ADDED ENTRY--TOPICAL TERM
Topical Term Religion.
942 ## - ADDED ENTRY ELEMENTS (KOHA)
Koha item type English Books
Holdings
Withdrawn status Lost status Damaged status Not for loan Home library Current library Shelving location Date acquired Full call number Accession Number Price effective from Koha item type
        Anna Centenary Library Anna Centenary Library 3RD FLOOR, B WING 03.01.2026 296.155 WIS 494601 03.01.2026 English Books

Find us on the map